| 000 | 01239nam a22002897a 4500 | ||
|---|---|---|---|
| 999 |
_c16312 _d16312 |
||
| 003 | EG-ScBUE | ||
| 005 | 20210530105102.0 | ||
| 008 | 111212s1947 ua f 000 d ara d | ||
| 040 |
_aEG-ScBUE _bara _erda _cEG-ScBUE _dEG-ScBUE |
||
| 041 | 1 |
_aara _heng |
|
| 082 | 0 | 4 |
_a822.912 _bش و ب _222 |
| 100 | 1 |
_928070 _aشو، برنارد، _d1856-1950، _eمؤلف. |
|
| 245 | 1 | 2 |
_aالإنسان والإنسان الكامل : _bملهاة وفلسفة / _cبقلم برنارد شو ؛ نقلها عن الإنجليزية محمود إبراهيم الدسوقي. |
| 264 | 1 |
_aالقاهرة : _bمكتبة النهضة المصرية، _c1947. |
|
| 300 |
_a276 صفحة ؛ _c24 سم. |
||
| 336 |
_2rdacontent _aنص _btxt |
||
| 337 |
_2rdamedia _aبدون وسيط _bn |
||
| 338 |
_2rdacarrier _aمجلد _bnc |
||
| 490 | 0 | _aالروائع المائة | |
| 546 | _aالنص باللغة العربية وتم ترجمته من اللغة الإنجليزية. | ||
| 650 | 7 |
_98512 _aالمسرحيات الإنجليزية _yقرن 20. _2BUEsh |
|
| 651 | _2BUEsh | ||
| 653 |
_cDecember2011 _bHHUUEENN |
||
| 655 |
_vReading book _934232 |
||
| 700 | 1 |
_928071 _aالدسوقي، محمود إبراهيم، _eمترجم. |
|
| 942 |
_2ddc _cBB |
||